Normal view
MARC view
- Munawar ,Sabahat
Entry Personal Name
001 - CONTROL NUMBER
- control field: 122415
003 - CONTROL NUMBER IDENTIFIER
- control field: NUST
005 - DATE AND TIME OF LATEST TRANSACTION
- control field: 20240422153244.0
008 - FIXED-LENGTH DATA ELEMENTS
- fixed length control field: 240422|| aca||aabn | a|a d
040 ## - CATALOGING SOURCE
- Original cataloging agency: NUST
- Transcribing agency: NUST
100 ## - HEADING--PERSONAL NAME
- Personal name: Munawar ,Sabahat
670 ## - SOURCE DATA FOUND
- Source citation: Work cat.: (NUST): Munawar ,Sabahat, Identification and Characterization of Risk Factors in Alzheimer’s Disease /
